000 01511nam a22002537a 4500
999 _c60011
_d60011
005 20230530121904.0
008 230530s2018ge xxu||||| |||| 00| 0 ger d
020 _a9788301203115
041 _ager
080 _a821.351.02[კრიტიკული რეალიზმი] G-11
100 _aGagnidse, Nugescha, ავტორი.
_918304
245 _aEinführung in die georgische Literatur des Kritischen Realismus /
_c Nugescha Gagnidse, Natia Nassaridse, Irine Schischinaschwili ; Redakteurin Nugescha Gagnidse ; cover painting by Apolon Kutateladze.
264 _a[Warszawa] :
_bPWN,
_c2018.
300 _a102 p. ;
_b 23,5 cm
653 _aისტორია და კრიტიკა -- ქართული ლიტერატურა -- XIX ს
653 _aისტორია და კრიტიკა -- ქართული ლიტერატურა -- მიმდინარეობები
653 _aკრიტიკული რეალიზმი.
653 _aქართველი ავტორები გერმანულ ენაზე. ქართული ლიტერატურა თარგმანებში.
700 _aNassaridse, Natia
_eავტორი
_918305
700 _aSchischinaschwili, Irine
_eავტორი
_918306
700 _aGagnidse, Nugescha,
_eრედაქტორი.
_918307
700 _aKutateladze, Apolon
_eილუსტრატორი
_918308
942 _2udc
_cBK